| 000 | 00644nam a22001937a 4500 | ||
|---|---|---|---|
| 999 |
_c11289 _d11289 |
||
| 003 | AR-CdUCM | ||
| 008 | 190403b ||||| |||| 00| 0 spa d | ||
| 040 |
_aMUNICIPALIDAD PROVINCIAL DEL CUSCO _cBIBLIOTECA MUNICIPAL DEL CUSCO |
||
| 082 |
_aEP / 463 / _bN29 |
||
| 245 | _aDiccionario didáctico universal / | ||
| 260 |
_aLima : _bFondo editorial Navarrete, |
||
| 300 |
_a352 paginas ; _bIlustraciones, _c17 cm. |
||
| 505 | _aContenido :Diccionario didáctico Universal / | ||
| 650 |
_aEducación primaria _91561 |
||
| 650 |
_aDiccionario _95196 |
||
| 710 |
_aCorporación gráfica Navarrete, _928585 |
||
| 942 |
_2ddc _cLIBROS |
||
| 945 | _arjall | ||